[Event "Russian Championship B17 2016"]
[Site "Loo"]
[Date "2016.04.23"]
[Round "4.7"]
[White "Yashmetov, Mikhail"]
[Black "Askerov, Marat"]
[Result "1/2-1/2"]
[WhiteElo "2212"]
[BlackElo "2375"]
[PlyCount "80"]
[EventDate "2016.04.20"]

1. d4 Nf6 2. c4 e6 3. g3 Bb4+ 4. Bd2 Qe7 5. Nf3 Nc6 6. Bg2 Bxd2+ 7. Qxd2 Ne4 8.
Qc2 Qb4+ 9. Nc3 Nxc3 10. Qxc3 Qxc3+ 11. bxc3 d6 12. Nd2 Na5 13. Rb1 Rb8 14. Rb4
c5 15. Ra4 b6 16. Nb3 Bd7 17. Ra3 Nxc4 18. Rxa7 Ke7 19. Nd2 Na5 20. dxc5 dxc5
21. O-O Rhc8 22. Rd1 Kd8 23. Nb3 Rc7 24. Nxa5 bxa5 25. Rxa5 Rb2 26. e3 Ke7 27.
Bf3 Bb5 28. Ra1 Bc4 29. a4 e5 30. g4 h5 31. g5 f5 32. Ra8 g6 33. e4 f4 34. a5
Rcb7 35. Rd1 Ra2 36. h4 Rbb2 37. Ra7+ Ke8 38. Ra8+ Ke7 39. Ra7+ Ke8 40. Ra8+
Ke7 1/2-1/2

[Event "Russian Championship B17 2016"]
[Site "Loo"]
[Date "2016.04.23"]
[Round "4.8"]
[White "Elistratov, Semen"]
[Black "Dubinin, Alexsandr"]
[Result "1-0"]
[WhiteElo "2329"]
[BlackElo "2080"]
[PlyCount "59"]
[EventDate "2016.04.20"]

1. e4 c5 2. Nf3 Nc6 3. Nc3 d6 4. d4 cxd4 5. Nxd4 Nf6 6. Bg5 Bd7 7. Qd2 h6 8.
Bxf6 gxf6 9. f4 Nxd4 10. Qxd4 Qa5 11. O-O-O Rc8 12. Kb1 Bg7 13. f5 Qc5 14. Qd2
h5 15. Qe2 h4 16. Qg4 Kf8 17. Bd3 a6 18. h3 b5 19. Nd5 a5 20. g3 Bc6 21. gxh4
Bxd5 22. exd5 Qxd5 23. Rhg1 Bh6 24. Rg3 Ke8 25. a4 Kd8 26. Bxb5 Qe5 27. Qf3 Qc5
28. Qe4 Bf4 29. Rc3 Qb4 30. Qb7 1-0

[Event "Russian Championship B17 2016"]
[Site "Loo"]
[Date "2016.04.23"]
[Round "4.9"]
[White "Obgolts, Erik"]
[Black "Smirnov, Timofey"]
[Result "1-0"]
[WhiteElo "2172"]
[BlackElo "2303"]
[PlyCount "129"]
[EventDate "2016.04.20"]

1. d4 d5 2. Nf3 Nf6 3. Bf4 c6 4. e3 Bg4 5. Nbd2 e6 6. Be2 Nbd7 7. h3 Bh5 8. O-O
Be7 9. c4 O-O 10. Qb3 Qb6 11. c5 Qxb3 12. axb3 Ne4 13. g4 Nxd2 14. Nxd2 Bg6 15.
b4 a6 16. Nb3 f6 17. Na5 e5 18. Bg3 Rab8 19. f4 Bd8 20. f5 Bf7 21. Bd3 Bc7 22.
Kg2 Rfe8 23. Rfe1 Re7 24. Re2 h6 25. h4 Nf8 26. dxe5 fxe5 27. g5 Bh5 28. Rf2
Nh7 29. e4 dxe4 30. Bc4+ Kh8 31. g6 Nf6 32. Be6 Bxg6 33. Nc4 Ng4 34. Re2 Bf7
35. Bxf7 Rxf7 36. Rxe4 h5 37. Nxe5 Nxe5 38. Bxe5 Re8 39. Rae1 Rfe7 40. f6 Rxe5
41. Rxe5 Bxe5 42. f7 Rf8 43. Rxe5 Rxf7 44. Rxh5+ Kg8 45. Kg3 Rd7 46. Rf5 Rd2
47. Rf2 Rd3+ 48. Rf3 Rd5 49. Kg4 Rd4+ 50. Rf4 Rd2 51. b3 Rg2+ 52. Kf5 Rg3 53.
Ke5 Rxb3 54. Kd6 Kh7 55. Kc7 Kh6 56. Kxb7 a5 57. Kxc6 Rxb4 58. Rf8 Kh7 59. Kd5
Rxh4 60. c6 Rh5+ 61. Kd6 Rh1 62. c7 Rc1 63. c8=Q Rxc8 64. Rxc8 Kh6 65. Ke5 1-0

[Event "Russian Championship B17 2016"]
[Site "Loo"]
[Date "2016.04.23"]
[Round "4.10"]
[White "Ergeshov, Timur"]
[Black "Bilan, Danila"]
[Result "0-1"]
[WhiteElo "2209"]
[BlackElo "2244"]
[PlyCount "58"]
[EventDate "2016.04.20"]

1. d4 d5 2. c4 e6 3. Nc3 c6 4. cxd5 exd5 5. Bf4 Nf6 6. e3 Bf5 7. Nge2 Qb6 8.
Qd2 Nbd7 9. Ng3 Bg6 10. h4 h5 11. Bd3 Bxd3 12. Qxd3 g6 13. O-O Be7 14. f3 O-O
15. e4 dxe4 16. fxe4 Ng4 17. Kh1 Qxb2 18. e5 Qxa1 19. Nce4 Qxa2 20. Bg5 Bxg5
21. hxg5 Qd5 22. Nf5 gxf5 23. Nf6+ Ndxf6 24. gxf6 Qe4 25. Qh3 Nf2+ 26. Rxf2
Qe1+ 27. Kh2 Qxf2 28. Qxh5 Qf4+ 29. g3 Qg4 0-1

[Event "Russian Championship B17 2016"]
[Site "Loo"]
[Date "2016.04.23"]
[Round "4.11"]
[White "Dobrocmyslov, Artem"]
[Black "Mestnikov, Aital"]
[Result "0-1"]
[WhiteElo "2215"]
[BlackElo "2063"]
[PlyCount "53"]
[EventDate "2016.04.20"]

1. d4 Nf6 2. c4 e6 3. Nf3 d5 4. Nc3 c6 5. cxd5 exd5 6. Qc2 Be7 7. Bf4 g6 8. e3
Bf5 9. Bd3 Bxd3 10. Qxd3 Nbd7 11. O-O O-O 12. h3 Re8 13. Rab1 a5 14. Bh2 Bf8
15. Nd2 Qe7 16. Rbe1 Ne4 17. f3 Nxd2 18. Qxd2 Bh6 19. Qd3 Nb6 20. e4 Rad8 21.
exd5 Qxe1 22. Rxe1 Rxe1+ 23. Kf2 Re3 24. Qc2 Nxd5 25. Nxd5 Rxd5 26. Be5 Rexe5
27. Qc4 0-1

[Event "Russian Championship B17 2016"]
[Site "Loo"]
[Date "2016.04.23"]
[Round "4.12"]
[White "Sin, Denis"]
[Black "Galchenko, Matvey"]
[Result "1/2-1/2"]
[WhiteElo "2298"]
[BlackElo "2245"]
[PlyCount "109"]
[EventDate "2016.04.20"]

1. d4 Nf6 2. c4 c5 3. d5 e6 4. Nc3 exd5 5. cxd5 d6 6. e4 g6 7. Nge2 Bg7 8. Ng3
O-O 9. Be2 a6 10. a4 Re8 11. O-O Nbd7 12. Be3 Rb8 13. f3 Qc7 14. Qd2 h5 15. h3
b6 16. Rac1 Nh7 17. Rfd1 Qd8 18. Nh1 Qe7 19. Nf2 f5 20. Re1 Ne5 21. f4 Nf7 22.
exf5 Bxf5 23. Bxa6 Qh4 24. Bd3 Nh6 25. Nce4 Rbd8 26. b4 Qe7 27. a5 bxa5 28.
bxc5 dxc5 29. Bb5 Bd7 30. Bxc5 Qf7 31. Nd6 Rxe1+ 32. Rxe1 Qf6 33. Nfe4 Qh4 34.
Bf2 Qe7 35. Qxa5 Bxb5 36. Qxb5 Rxd6 37. Nxd6 Qxd6 38. Bc5 Qf6 39. Qe8+ Nf8 40.
Bxf8 Bxf8 41. Re6 Qd4+ 42. Kh1 Qxf4 43. Qxg6+ Kh8 44. Rf6 Qc1+ 45. Kh2 Bg7 46.
Qe8+ Kh7 47. Qe4+ Kh8 48. Rc6 Qg5 49. Rc8+ Ng8 50. Re8 h4 51. Kh1 Qc1+ 52. Qe1
Qxe1+ 53. Rxe1 Nf6 54. d6 Kg8 55. g3 1/2-1/2

[Event "Russian Championship B17 2016"]
[Site "Loo"]
[Date "2016.04.23"]
[Round "4.13"]
[White "Galiullin, Mikhail"]
[Black "Zhitnikov, Konstantin"]
[Result "0-1"]
[WhiteElo "2164"]
[BlackElo "2288"]
[PlyCount "128"]
[EventDate "2016.04.20"]

1. Nf3 Nf6 2. g3 d5 3. Bg2 Bf5 4. O-O c6 5. d3 e6 6. Nbd2 h6 7. Ne5 Nbd7 8.
Nxd7 Qxd7 9. e4 dxe4 10. dxe4 Bg6 11. Qe2 Be7 12. Nc4 Bh5 13. f3 b5 14. Rd1 Qb7
15. Nd6+ Bxd6 16. Rxd6 O-O 17. Bf4 Rad8 18. Rad1 Rxd6 19. Bxd6 Rd8 20. Bc5
Rxd1+ 21. Qxd1 Nd7 22. Bf2 Qc7 23. g4 Bg6 24. f4 f6 25. Qd4 c5 26. Qd3 a6 27.
a4 c4 28. Qd4 Kh7 29. axb5 axb5 30. e5 fxe5 31. fxe5 Nxe5 32. Bg3 Nc6 33. Qc5
Qa7 34. Qxa7 Nxa7 35. Bf2 Nc8 36. Bc6 Bxc2 37. Bc5 b4 38. Bd7 c3 39. bxc3 b3
40. Ba3 Nb6 41. Bb5 Kg6 42. c4 Bd3 43. c5 Bxb5 44. cxb6 Bc6 45. Kf2 Kg5 46. Kg3
Kf6 47. Kf4 e5+ 48. Ke3 Kg5 49. Bb2 e4 50. Bxg7 Kxg4 51. Kd2 h5 52. Ke3 Kh3 53.
Be5 Kg2 54. Ke2 h4 55. Ke3 Kf1 56. Bc3 Bb7 57. Kd2 Kg2 58. Bf6 h3 59. Be5 b2
60. Kc2 e3 61. Bxb2 Be4+ 62. Kb3 Kxh2 63. Kc3 Kg2 64. Kd4 Kf3 0-1

[Event "Russian Championship B17 2016"]
[Site "Loo"]
[Date "2016.04.23"]
[Round "4.14"]
[White "Borisovsky, Dmitry"]
[Black "Bubnov, Kirill"]
[Result "1-0"]
[WhiteElo "2281"]
[BlackElo "2159"]
[PlyCount "87"]
[EventDate "2016.04.20"]

1. e4 e6 2. d4 d5 3. Nc3 Bb4 4. e5 c5 5. a3 Bxc3+ 6. bxc3 Qc7 7. Qg4 f5 8. Qg3
cxd4 9. cxd4 Qxc2 10. Bd2 Qc7 11. Bb5+ Nc6 12. Nf3 a6 13. Bxc6+ bxc6 14. O-O a5
15. Rfc1 Kf8 16. Rc5 Ne7 17. Bg5 h6 18. Bxe7+ Qxe7 19. Nh4 Kg8 20. Ng6 Qb7 21.
Nxh8 Kxh8 22. Qc3 a4 23. Rxc6 Bd7 24. Rc7 Qb5 25. Qc5 Re8 26. Qxb5 Bxb5 27. Rb1
Bd3 28. Rb4 Ra8 29. f3 f4 30. Rbb7 g5 31. Ra7 Rb8 32. h3 h5 33. Rxa4 h4 34. Rb4
Ra8 35. a4 Bh7 36. Rc5 Kg7 37. a5 Bd3 38. Rb6 Kf7 39. Rc7+ Kf8 40. Rbb7 Kg8 41.
Ra7 Rb8 42. a6 g4 43. Rab7 Ra8 44. a7 1-0

[Event "Russian Championship B17 2016"]
[Site "Loo"]
[Date "2016.04.23"]
[Round "4.15"]
[White "Bezotechestvo, Konstantin"]
[Black "Klimentov, Evgeny"]
[Result "1-0"]
[WhiteElo "2064"]
[BlackElo "2274"]
[PlyCount "73"]
[EventDate "2016.04.20"]

1. d4 Nf6 2. c4 c5 3. d5 b5 4. cxb5 a6 5. bxa6 g6 6. Nc3 Bg7 7. g3 Qa5 8. Bg2
d6 9. Nf3 Ne4 10. O-O Nxc3 11. bxc3 Bxc3 12. Rb1 Qxa2 13. Rb3 Bg7 14. Ra3 Qc4
15. a7 Na6 16. Re1 Rxa7 17. e4 Qb5 18. e5 O-O 19. e6 fxe6 20. dxe6 Bb7 21. h4
Rf5 22. Bg5 Qe8 23. g4 Rf8 24. Qb3 Qd8 25. Qe3 Ra8 26. Bh6 Nb4 27. Rxa8 Bxa8
28. Bxg7 Kxg7 29. Ng5 Bxg2 30. Kxg2 Nd5 31. Qd2 Nf4+ 32. Kg3 Rf6 33. Re4 Qf8
34. Rxf4 h6 35. Qc3 d5 36. Qe5 Qa8 37. Rxf6 1-0

[Event "Russian Championship B17 2016"]
[Site "Loo"]
[Date "2016.04.23"]
[Round "4.16"]
[White "Neznanov, Aleksandr"]
[Black "Gunchenko, Vadim"]
[Result "1-0"]
[WhiteElo "2085"]
[BlackElo "2263"]
[PlyCount "73"]
[EventDate "2016.04.20"]

1. e4 e6 2. Nf3 d5 3. Nc3 Nf6 4. e5 Nfd7 5. d4 c5 6. dxc5 Nc6 7. Bf4 Bxc5 8.
Bd3 f6 9. exf6 Nxf6 10. O-O O-O 11. Qd2 Bd6 12. Bxd6 Qxd6 13. Rfe1 Bd7 14. Nb5
Qb8 15. c4 a6 16. cxd5 exd5 17. Nc3 Qd6 18. Rad1 Bg4 19. Be4 Nxe4 20. Nxe4 Qg6
21. Qxd5+ Be6 22. Qd3 Nb4 23. Qd2 Nxa2 24. Ne5 Qe8 25. Nc5 Rf5 26. Ned7 Rd5 27.
Qc2 Rxd1 28. Qxd1 Bxd7 29. Rxe8+ Bxe8 30. Qd5+ Bf7 31. Qxb7 Rd8 32. h3 h6 33.
Nxa6 Rd1+ 34. Kh2 Rd2 35. Qb6 Nc1 36. Qb8+ Kh7 37. Qf4 1-0

[Event "Russian Championship B17 2016"]
[Site "Loo"]
[Date "2016.04.23"]
[Round "4.17"]
[White "Shoshin, Boris"]
[Black "Klukin, Kirill"]
[Result "0-1"]
[WhiteElo "2055"]
[BlackElo "2259"]
[PlyCount "90"]
[EventDate "2016.04.20"]

1. d4 Nf6 2. c4 g6 3. Nc3 Bg7 4. e4 d6 5. f4 O-O 6. Nf3 c5 7. d5 e6 8. Be2 exd5
9. cxd5 Re8 10. e5 dxe5 11. fxe5 Ng4 12. e6 fxe6 13. d6 Bd7 14. O-O c4 15. Ne4
Qb6+ 16. Kh1 Ne3 17. Bxe3 Qxe3 18. Neg5 Nc6 19. Bxc4 Ne5 20. Re1 Qb6 21. Bb3
Rac8 22. Nxe6 Bxe6 23. Bxe6+ Rxe6 24. Qd5 Rce8 25. d7 Nxd7 26. Ng5 Ne5 27. Nxe6
Qxe6 28. Qxb7 Rf8 29. Qxa7 Qf5 30. Qc5 Nd3 31. Qxf5 Rxf5 32. Rf1 Nf2+ 33. Kg1
Bxb2 34. Rab1 Bd4 35. g3 Nd1+ 36. Kg2 Ne3+ 37. Kh3 Rxf1 38. Rb8+ Kg7 39. a4 Rf7
40. Rb4 Ba7 41. a5 h5 42. Rh4 Ng4 43. Kg2 Rf2+ 44. Kh1 Ra2 45. h3 Rh2# 0-1

[Event "Russian Championship B17 2016"]
[Site "Loo"]
[Date "2016.04.23"]
[Round "4.18"]
[White "Komov, Roman"]
[Black "Lushnikov, Sergey"]
[Result "1-0"]
[WhiteElo "2258"]
[BlackElo "1953"]
[PlyCount "69"]
[EventDate "2016.04.20"]

1. c4 Nf6 2. Nc3 e5 3. g3 Nc6 4. Bg2 d6 5. Nf3 Be6 6. b3 Qd7 7. d4 Bh3 8. O-O
Bxg2 9. Kxg2 exd4 10. Nxd4 h5 11. h4 g6 12. Bb2 Ne5 13. Nd5 Nxd5 14. cxd5 Bg7
15. Nf3 Nxf3 16. Bxg7 Nxh4+ 17. Kh2 Rh7 18. Bf6 Nf5 19. e4 Nh6 20. f3 Ng8 21.
Bd4 Ne7 22. Qd3 g5 23. Bf6 g4 24. e5 Qf5 25. Qb5+ Kf8 26. Bxe7+ Kxe7 27. exd6+
Kf8 28. Qxb7 Re8 29. dxc7 h4 30. Qb4+ Kg7 31. Qxg4+ Qxg4 32. fxg4 hxg3+ 33.
Kxg3 Re3+ 34. Kf4 Rc3 35. Rac1 1-0

[Event "Russian Championship B17 2016"]
[Site "Loo"]
[Date "2016.04.23"]
[Round "4.19"]
[White "Saidov, Bilukhadzh"]
[Black "Abramov, Nikita"]
[Result "0-1"]
[WhiteElo "2027"]
[BlackElo "2255"]
[PlyCount "92"]
[EventDate "2016.04.20"]

1. d4 Nf6 2. Nf3 e6 3. Bf4 c5 4. e3 Qb6 5. Qc1 Nc6 6. c3 Nh5 7. Bg5 h6 8. Bh4
g5 9. Bg3 Nxg3 10. hxg3 Bg7 11. Bd3 d5 12. Nbd2 Bd7 13. a4 Na5 14. Kf1 c4 15.
Bc2 O-O-O 16. Kg1 f5 17. Rb1 Kb8 18. Kf1 Rc8 19. Ng1 Nb3 20. Bxb3 cxb3 21. Ne2
Bxa4 22. Ra1 Bb5 23. Qd1 Bc4 24. Kg1 e5 25. dxe5 Bxe5 26. Nf3 Bc7 27. Ned4 Rcf8
28. Qb1 Qf6 29. Qd1 h5 30. Nxb3 f4 31. gxf4 gxf4 32. Nc5 Qd6 33. Qd4 fxe3 34.
Qxe3 Rxf3 35. Qxf3 Qxc5 36. Rxh5 Rf8 37. Rf5 Re8 38. Rf7 Qd6 39. g3 d4 40. Rf6
Qe7 41. cxd4 Bd5 42. Qe3 Qd8 43. Qg5 Rh8 44. f3 Bxf3 45. Kf2 Bc6 46. Ke3 Rg8
0-1

[Event "Russian Championship B17 2016"]
[Site "Loo"]
[Date "2016.04.23"]
[Round "4.20"]
[White "Mesnyankin, Nikita"]
[Black "Pryalukhin, Danila"]
[Result "1-0"]
[WhiteElo "2205"]
[BlackElo "2011"]
[PlyCount "109"]
[EventDate "2016.04.20"]

1. e4 c5 2. Nf3 d6 3. d4 cxd4 4. Nxd4 Nf6 5. Nc3 a6 6. h3 e6 7. g4 h6 8. Bg2 g5
9. Be3 Nbd7 10. Qe2 Ne5 11. O-O-O Qc7 12. f4 gxf4 13. Bxf4 Be7 14. Rhf1 Bd7 15.
g5 Nh7 16. gxh6 Nf8 17. h4 Bxh4 18. Qh5 Nfg6 19. Bxe5 dxe5 20. Nf5 exf5 21.
exf5 Nf4 22. Qxh4 Qd8 23. f6 Qa5 24. Rxf4 exf4 25. Qxf4 O-O-O 26. Nd5 Rhe8 27.
Ne7+ Rxe7 28. fxe7 Re8 29. Bxb7+ Kxb7 30. Rxd7+ Kc8 31. Rd8+ Rxd8 32. exd8=Q+
Qxd8 33. h7 Qe8 34. Qg4+ Kc7 35. Qg3+ Kc6 36. Qg2+ Kc5 37. Qh1 Qh8 38. Qh5+ Kd6
39. Kb1 Ke7 40. Qg5+ Kd7 41. Qg8 Qf6 42. Qg4+ Ke7 43. Qe4+ Kd6 44. Qh1 Qh8 45.
a3 Ke7 46. Qb7+ Kf6 47. Qh1 Kg6 48. c4 f5 49. c5 f4 50. Qe4+ Kg5 51. Qg2+ Kh6
52. Qg8 Qxh7+ 53. Qxh7+ Kxh7 54. Kc2 Kg6 55. c6 1-0

[Event "Russian Championship B17 2016"]
[Site "Loo"]
[Date "2016.04.23"]
[Round "4.21"]
[White "Kuznetsov, Felix"]
[Black "Selivanov, Ivan"]
[Result "1-0"]
[WhiteElo "2053"]
[BlackElo "2194"]
[PlyCount "43"]
[EventDate "2016.04.20"]

1. e4 c5 2. Nf3 d6 3. d4 cxd4 4. Nxd4 Nf6 5. Nc3 a6 6. f3 e5 7. Nb3 Be7 8. Be3
h5 9. Qd2 b5 10. Nd5 Nbd7 11. Nxe7 Kxe7 12. c4 bxc4 13. Na5 Qc7 14. Bxc4 Bb7
15. Rc1 Rhc8 16. O-O Qb8 17. Rfd1 Bc6 18. Be2 Bb7 19. Rxc8 Qxc8 20. Qxd6+ Ke8
21. Rc1 Qb8 22. Rc7 1-0

[Event "Russian Championship B17 2016"]
[Site "Loo"]
[Date "2016.04.23"]
[Round "4.22"]
[White "Trubchaninov, Timur"]
[Black "Tkhamokov, Amir"]
[Result "1-0"]
[WhiteElo "2194"]
[BlackElo "1844"]
[PlyCount "83"]
[EventDate "2016.04.20"]

1. e4 c5 2. Nf3 g6 3. c3 Bg7 4. d4 cxd4 5. cxd4 d5 6. exd5 Nf6 7. Bb5+ Nbd7 8.
Nc3 O-O 9. O-O Nb6 10. Qb3 Nfxd5 11. Bg5 Be6 12. Qa3 h6 13. Bh4 a6 14. Bd3 g5
15. Bg3 f5 16. Rfe1 Qd7 17. Be5 Bf6 18. Qa5 Kg7 19. Nd2 Rac8 20. Nb3 Nxc3 21.
Nc5 Rxc5 22. dxc5 Bxe5 23. Rxe5 Qxd3 24. Qxc3 Qxc3 25. bxc3 Kf6 26. Rae1 Bxa2
27. cxb6 e6 28. Rc5 Bd5 29. Rc7 Rf7 30. c4 Bc6 31. f3 Rd7 32. Rxd7 Bxd7 33. Rd1
Ke7 34. c5 a5 35. Rd6 Bc8 36. Kf2 a4 37. Ke3 a3 38. Rd3 a2 39. Ra3 Bd7 40. Rxa2
Bc6 41. Rd2 Bd5 42. Rxd5 1-0

[Event "Russian Championship B17 2016"]
[Site "Loo"]
[Date "2016.04.23"]
[Round "4.23"]
[White "Zaichikov, Andrey"]
[Black "Mestnikov, Aisen"]
[Result "1/2-1/2"]
[WhiteElo "2013"]
[BlackElo "2190"]
[PlyCount "120"]
[EventDate "2016.04.20"]

1. e4 e5 2. Nf3 Nc6 3. Bc4 Nf6 4. d3 Be7 5. Nc3 O-O 6. Bg5 d6 7. Qd2 a6 8. h3
Na5 9. Bb3 Nxb3 10. axb3 Be6 11. O-O h6 12. Be3 c5 13. Nh2 d5 14. exd5 Nxd5 15.
Qe2 Nxe3 16. Qxe3 Qc7 17. Ng4 f6 18. f4 Bxg4 19. hxg4 exf4 20. Qe6+ Rf7 21. Nd5
Qd6 22. Rae1 Qxe6 23. Rxe6 Bf8 24. Nxf4 Re7 25. Rfe1 Rae8 26. Kf2 Kf7 27. Rxe7+
Rxe7 28. Rxe7+ Bxe7 29. Ke3 Bd6 30. Nd5 Ke6 31. Nc3 f5 32. gxf5+ Kxf5 33. Ne4
Be7 34. Kf3 g6 35. Ng3+ Ke5 36. Ne4 b5 37. Ke3 h5 38. c3 g5 39. d4+ Kd5 40.
Nxc5 Bxc5 41. dxc5 Kxc5 42. Ke4 g4 43. Kf4 a5 44. Kg5 a4 45. Kxh5 axb3 46. Kxg4
Kc4 47. Kf3 Kd3 48. g4 Kc2 49. g5 Kxb2 50. g6 Kxc3 51. g7 b2 52. g8=Q b1=Q 53.
Qg7+ Kb3 54. Qf7+ Kc3 55. Qf6+ Kc2 56. Qf5+ Kc1 57. Qc5+ Kd2 58. Qe3+ Kd1 59.
Qe2+ Kc1 60. Qe1+ Kc2 1/2-1/2

[Event "Russian Championship B17 2016"]
[Site "Loo"]
[Date "2016.04.23"]
[Round "4.24"]
[White "Piskun, Denis"]
[Black "Radzhabov, Rodion"]
[Result "0-1"]
[WhiteElo "1689"]
[BlackElo "2172"]
[PlyCount "120"]
[EventDate "2016.04.20"]

1. e4 c5 2. c3 d5 3. exd5 Qxd5 4. d4 Nc6 5. Nf3 Bg4 6. Be2 cxd4 7. cxd4 e6 8.
Nc3 Qa5 9. O-O Nf6 10. Qb3 Qb4 11. Bb5 Bxf3 12. gxf3 Be7 13. Be3 O-O 14. Bxc6
Qxb3 15. axb3 bxc6 16. Ra6 Rfb8 17. Rfa1 Rxb3 18. Rxa7 Rxa7 19. Rxa7 Bf8 20.
Nd1 Nd5 21. Kf1 f5 22. Ra6 Rb6 23. Rxb6 Nxb6 24. Ke2 Bd6 25. h3 Kf7 26. Kd3 Kg6
27. Ke2 Kh5 28. Kf1 Nd5 29. Nc3 Nb6 30. b3 Nd5 31. Ne2 Kh4 32. Kg2 g5 33. Bd2
Bb4 34. Bc1 Nc3 35. Ng1 Na2 36. Bb2 Bc3 37. Bxc3 Nxc3 38. Kh2 h6 39. Kg2 Kh5
40. f4 gxf4 41. Kf3 Nd5 42. Ne2 Kh4 43. Nxf4 Nxf4 44. Kxf4 Kxh3 45. b4 h5 46.
Ke5 Kg4 47. b5 cxb5 48. Kxe6 b4 49. d5 b3 50. d6 b2 51. d7 b1=Q 52. d8=Q Qa2+
53. Kf6 Qxf2 54. Qg8+ Kh3 55. Qc8 Kh2 56. Kg5 h4 57. Kh5 f4 58. Qg4 f3 59. Qf4+
Qg3 60. Qd2+ f2 0-1

[Event "Russian Championship B17 2016"]
[Site "Loo"]
[Date "2016.04.23"]
[Round "4.26"]
[White "Gagarin, Sergey"]
[Black "Isayev, Maksym"]
[Result "0-1"]
[WhiteElo "1997"]
[BlackElo "2059"]
[PlyCount "126"]
[EventDate "2016.04.20"]

1. e4 c5 2. Nf3 d6 3. d4 cxd4 4. Nxd4 Nf6 5. Nc3 Nc6 6. f3 e6 7. Be3 Be7 8. Qd2
a6 9. O-O-O O-O 10. g4 Nxd4 11. Bxd4 b5 12. Kb1 Nd7 13. h4 Qc7 14. g5 b4 15.
Ne2 a5 16. h5 Ne5 17. Ng1 Ba6 18. g6 fxg6 19. hxg6 h6 20. Bh3 Bc8 21. Bxe5 dxe5
22. Bg4 Ra6 23. Nh3 Rd6 24. Qe3 a4 25. Rxd6 Qxd6 26. Nf2 Bg5 27. Qd3 Qc5 28.
Qe2 a3 29. Nd3 Qd4 30. Qf2 Be3 31. Qg3 Qb6 32. Qxe5 Bd4 33. Qg3 Ba6 34. Nf4 Bc4
35. Nd3 axb2 36. Nxb2 Bxa2+ 37. Kxa2 Ra8+ 38. Kb1 Qa6 39. Bxe6+ Qxe6 40. Qc7
Qa2+ 41. Kc1 Qxb2+ 42. Kd2 Bc3+ 43. Ke3 Rf8 44. Qc4+ Kh8 45. Qc7 Bd4+ 46. Ke2
Qa2 47. Rxh6+ Kg8 48. Rh1 Qa6+ 49. Kd2 Bc3+ 50. Ke3 Qxg6 51. Qe7 Qf7 52. Qxf7+
Kxf7 53. f4 Ke6 54. Rg1 Rd8 55. Rg2 Bb2 56. Rg6+ Kf7 57. Rg2 Bc1+ 58. Kf3 Rd2
59. Rxd2 Bxd2 60. Kg3 Kf6 61. Kg4 Bc1 62. e5+ Ke6 63. Kg5 Bb2 0-1

[Event "Russian Championship B17 2016"]
[Site "Loo"]
[Date "2016.04.23"]
[Round "4.27"]
[White "Bogdanov, Nikita"]
[Black "Shandrygin, Nikita"]
[Result "0-1"]
[WhiteElo "2025"]
[BlackElo "2334"]
[PlyCount "50"]
[EventDate "2016.04.20"]

1. d4 Nf6 2. c4 g6 3. Nc3 d5 4. cxd5 Nxd5 5. Bd2 Bg7 6. e4 Nb6 7. Be3 O-O 8.
Bb5 c6 9. Be2 Be6 10. Nf3 Bc4 11. O-O N8d7 12. Rc1 Re8 13. Bxc4 Nxc4 14. Qb3
Nxe3 15. fxe3 Qb6 16. Qc4 Bh6 17. Rce1 a5 18. e5 Qa6 19. Qb3 a4 20. Qc2 f6 21.
Qe4 Qc4 22. Qh4 Bg7 23. Qh3 Nf8 24. a3 Rad8 25. Qg3 Nd7 {
далее запись неразбор~~ива!} 0-1

[Event "Russian Championship B17 2016"]
[Site "Loo"]
[Date "2016.04.23"]
[Round "4.28"]
[White "Akhtemov, Mustafa"]
[Black "Chilingaryan, Pavel"]
[Result "1/2-1/2"]
[WhiteElo "1880"]
[BlackElo "2125"]
[PlyCount "80"]
[EventDate "2016.04.20"]

1. e4 c5 2. Nc3 Nc6 3. f4 g6 4. Nf3 Bg7 5. Bb5 Nd4 6. O-O a6 7. Bd3 d6 8. Nxd4
cxd4 9. Ne2 Nf6 10. Kh1 O-O 11. c3 dxc3 12. dxc3 b5 13. Ng3 Bb7 14. Qe2 Nd7 15.
Be3 Qc7 16. Rad1 Rac8 17. Qd2 Nb6 18. Qe2 Nc4 19. Bc1 Rfd8 20. Rfe1 e5 21. f5
d5 22. Rf1 dxe4 23. Nxe4 Bxe4 24. Bxe4 Rxd1 25. Rxd1 Rd8 26. fxg6 Rxd1+ 27.
Qxd1 hxg6 28. h3 Qd6 29. Qxd6 Nxd6 30. Bd5 Kf8 31. Be3 Ke7 32. Bc5 Kd7 33. Bxd6
Kxd6 34. Bxf7 g5 35. Kg1 e4 36. Kf2 b4 37. cxb4 Bxb2 38. Bc4 Ba3 39. Bxa6 Bxb4
40. Ke2 Ke5 1/2-1/2

[Event "Russian Championship B17 2016"]
[Site "Loo"]
[Date "2016.04.23"]
[Round "4.29"]
[White "Volobuev, Vladimir"]
[Black "Mukuk, Osman"]
[Result "1-0"]
[WhiteElo "2062"]
[BlackElo "1712"]
[PlyCount "111"]
[EventDate "2016.04.20"]

1. e4 d6 2. d4 Nf6 3. Nc3 g6 4. f4 Bg7 5. Nf3 O-O 6. Bd3 Nbd7 7. O-O e5 8. dxe5
dxe5 9. f5 Nc5 10. Bg5 Nxd3 11. cxd3 gxf5 12. Kh1 Qd6 13. exf5 Bxf5 14. d4 exd4
15. Nb5 Qc5 16. Nfxd4 Bg4 17. Qd2 Ne4 18. Qf4 Qxg5 19. Qxe4 c6 20. Nd6 Rad8 21.
Rf4 Rxd6 22. Rxg4 f5 23. Rxg5 fxe4 24. Nf5 Rdf6 25. Rxg7+ Kh8 26. Rxb7 Rxf5 27.
h3 e3 28. Re7 Rf1+ 29. Rxf1 Rxf1+ 30. Kh2 Re1 31. b3 Kg8 32. Kg3 Kf8 33. Re4
Re2 34. a4 Kf7 35. Kf3 Rf2+ 36. Kg3 Re2 37. h4 Kf6 38. Rc4 Ke5 39. Rxc6 Rf2 40.
Rc7 Kd4 41. Rxh7 Rf6 42. Rxa7 e2 43. Re7 Kd3 44. b4 Kd2 45. b5 Rf7 46. Rxe2+
Kxe2 47. b6 Ke3 48. a5 Rg7+ 49. Kh3 Kf2 50. h5 Rg3+ 51. Kh4 Rxg2 52. b7 Rg8 53.
a6 Kf3 54. h6 Kf4 55. h7 Rg4+ 56. Kh3 1-0

[Event "Russian Championship B19 2016"]
[Site "Loo"]
[Date "2016.04.23"]
[Round "4.1"]
[White "Anikonov, Dmitry"]
[Black "Vavulin, Maksim"]
[Result "1/2-1/2"]
[WhiteElo "2387"]
[BlackElo "2474"]
[PlyCount "301"]
[EventDate "2016.04.20"]

1. d4 e6 2. c4 c5 3. d5 exd5 4. cxd5 d6 5. Nc3 Ne7 6. Bf4 Ng6 7. Bg3 Be7 8. h4
h6 9. e3 Nd7 10. h5 Ngf8 11. Nf3 a6 12. a4 Nf6 13. Nd2 Bg4 14. Be2 Bxe2 15.
Qxe2 N8d7 16. O-O O-O 17. e4 Re8 18. Rae1 Bf8 19. f4 c4 20. Bf2 b5 21. Qf3 Rb8
22. Bd4 Nh7 23. axb5 axb5 24. Ne2 Be7 25. e5 dxe5 26. fxe5 Ng5 27. Qf2 Bb4 28.
Nc3 Nf8 29. Nde4 Nfh7 30. d6 Qd7 31. Ra1 Bxc3 32. Nxc3 Qg4 33. Qe3 Nf8 34. Nd5
Qxh5 35. Qg3 Qe2 36. Ne7+ Kh8 37. Rae1 Qc2 38. Rf2 Qh7 39. Qg4 Nfe6 40. Nc6 Rb7
41. Be3 Qg6 42. Bc1 Kh7 43. Ne7 Rbxe7 44. dxe7 Rxe7 45. Bxg5 Nxg5 46. Rd2 Ne6
47. Qxg6+ Kxg6 48. Rd5 Rb7 49. Ra1 Kf5 50. Ra5 b4 51. Rab5 Rxb5 52. Rxb5 c3 53.
Rxb4 cxb2 54. Rxb2 Kxe5 55. Rb5+ Kf4 56. Rb4+ Kf5 57. Rb5+ Kg4 58. Rb4+ Kg5 59.
Rb6 Kf5 60. Rb5+ Kg4 61. Rb4+ Kh5 62. Rb6 Ng5 63. Kh2 Kg4 64. Rb4+ Kf5 65. Rb5+
Kf4 66. Rb4+ Ne4 67. Rb7 Nd6 68. Ra7 h5 69. Ra6 Nf5 70. Ra7 f6 71. Rb7 g6 72.
Rb6 Kg5 73. Rb5 Kh6 74. Rb6 Ne3 75. Kg3 Kg5 76. Rb5+ f5 77. Rb6 Nc4 78. Ra6 Ne5
79. Ra5 Ng4 80. Ra6 h4+ 81. Kh3 Nf2+ 82. Kh2 Ne4 83. Rb6 Kh5 84. Rb5 Kg4 85.
Ra5 g5 86. Ra4 Kh5 87. Ra5 Ng3 88. Ra4 Ne2 89. Ra2 Nc3 90. Ra3 Ne4 91. Ra5 Kg4
92. Ra4 Kf4 93. Kh3 Ke3 94. Ra3+ Ke2 95. Ra2+ Ke3 96. Ra3+ Kf4 97. Ra4 Ke5 98.
Ra5+ Kf6 99. Ra8 Nf2+ 100. Kh2 g4 101. Rh8 Kg5 102. Ra8 g3+ 103. Kg1 Kg4 104.
Rg8+ Kf4 105. Ra8 Ne4 106. Ra7 Kg4 107. Ra8 Ng5 108. Rh8 h3 109. Rg8 hxg2 110.
Kxg2 f4 111. Rg7 f3+ 112. Kf1 Kf4 113. Kg1 Ne4 114. Rf7+ Ke3 115. Re7 Kd3 116.
Re8 Nc3 117. Rd8+ Ke2 118. Re8+ Kd2 119. Kf1 Ne2 120. Rd8+ Ke3 121. Re8+ Kd3
122. Rd8+ Nd4 123. Re8 Nf5 124. Rd8+ Ke4 125. Re8+ Kf4 126. Rf8 Kg4 127. Rg8+
Kh3 128. Rh8+ Nh4 129. Kg1 Kg4 130. Rg8+ Kf4 131. Rf8+ Kg5 132. Rg8+ Ng6 133.
Kf1 Kf5 134. Kg1 Kf6 135. Kf1 Kf7 136. Ra8 Nf4 137. Ra7+ Kf6 138. Ra6+ Ke5 139.
Ra5+ Kd6 140. Ra6+ Ke5 141. Ra5+ Nd5 142. Ra3 Ke4 143. Ra4+ Kd3 144. Ra3+ Nc3
145. Ra8 Ke3 146. Re8+ Ne4 147. Re7 Kf4 148. Rf7+ Kg4 149. Rg7+ Kh4 150. Rf7
Ng5 151. Rg7 1/2-1/2